<?xml version="1.0" encoding="UTF-8"?>
<marc:record xmlns:marc="http://www.loc.gov/MARC21/slim">
   <marc:leader>00000nam a2200000 a 4500</marc:leader>
   <marc:datafield ind1="1" ind2=" " tag="100">
      <marc:subfield code="a">Melling, David</marc:subfield>
      <marc:subfield code="4">aut</marc:subfield>
      <marc:subfield code="e">Verfasser/-in</marc:subfield>
   </marc:datafield>
   <marc:datafield ind1=" " ind2=" " tag="653">
      <marc:subfield code="a">Jugend</marc:subfield>
   </marc:datafield>
   <marc:datafield ind1="0" ind2="0" tag="245">
      <marc:subfield code="a">Willkommen im Kindergarten, Paulchen!</marc:subfield>
   </marc:datafield>
   <marc:datafield ind1="0" ind2="0" tag="245">
      <marc:subfield code="c">Melling, David</marc:subfield>
   </marc:datafield>
   <marc:datafield ind1=" " ind2="1" tag="264">
      <marc:subfield code="a">Hamburg</marc:subfield>
      <marc:subfield code="b">Oetinger</marc:subfield>
      <marc:subfield code="c">2015</marc:subfield>
   </marc:datafield>
   <marc:datafield ind1="1" ind2=" " tag="520">
      <marc:subfield code="a">Quelle: bn.bibliotheksnachrichten (http://www.biblio.at/literatur/bn/index.html); &#xD;
Autor: Anita Ruckerbauer; &#xD;
Paulchen spürt ein Kribbeln im Bauch - er freut sich auf den Kindergarten. (ab 3) (JD)&#xD;
Paulchen und seine Freunde sind ganz aufgeregt, denn sie dürfen jetzt in den Kindergarten gehen. Erzieherin Frau Muh-Huh empfängt sie freundlich und möchte wissen, was sie am liebsten tun. Paulchen beschließt, es ihr am besten gleich zu demonstrieren, und lässt Frau Muh-Huh einen "dicken Knuffel" angedeihen. Der bleibt kurz die Luft weg, doch dann findet sie die Idee wunderbar und so sind sie die nächste Zeit mit allen möglichen Knuffelvariationen beschäftigt. Dann wird gemalt, gejausnet und mit den Kletterkissen gespielt und alle freuen sich auf den nächsten Tag - selbst die etwas abgekämpfte Frau Muh-Huh.&#xD;
Auch beim neuesten Abenteuer des knuddeligen Bären und seiner putzigen Freunde gibt es viele Details zu entdecken, etwa, wenn Paulchen mit dem Hinterteil eines der Schäfchen ein Stempelbild malt oder hilfsbereit die Rucksäcke für alle an die Haken hängt und vergisst, dem Schäfchen vorher den Rucksack abzunehmen.&#xD;
Paulchen spürt am Ende des Tages das gleiche Kribbeln wie am Morgen - er freut sich. Und das kann für die Kleinen, die selber in den Kindergarten kommen, sehr ermutigend sein. Für alle Bibliotheken zu empfehlen.</marc:subfield>
   </marc:datafield>
   <marc:datafield ind1=" " ind2=" " tag="020">
      <marc:subfield code="a">9783789168970</marc:subfield>
      <marc:subfield code="9">9783789168970</marc:subfield>
   </marc:datafield>
   <marc:datafield ind1=" " ind2=" " tag="020">
      <marc:subfield code="a">3789168971</marc:subfield>
      <marc:subfield code="9">3789168971</marc:subfield>
   </marc:datafield>
   <marc:datafield ind1=" " ind2=" " tag="041">
      <marc:subfield code="a">ger</marc:subfield>
   </marc:datafield>
   <marc:datafield ind1=" " ind2=" " tag="300">
      <marc:subfield code="b">überw. Ill.</marc:subfield>
   </marc:datafield>
   <marc:datafield ind1=" " ind2=" " tag="338">
      <marc:subfield code="a">Band</marc:subfield>
   </marc:datafield>
   <marc:datafield ind1=" " ind2=" " tag="300">
      <marc:subfield code="a">[32] S.</marc:subfield>
   </marc:datafield>
</marc:record>
